Making the case (Record no. 76949)
[ view plain ]
| 000 -LEADER | |
|---|---|
| fixed length control field | 01208cab a2200169 4500 |
| 001 - CONTROL NUMBER | |
| control field | ##L133352 |
| 008 - FIXED-LENGTH DATA ELEMENTS--GENERAL INFORMATION | |
| fixed length control field | 060503n2006 000 0 eng u |
| 035 ## - SYSTEM CONTROL NUMBER | |
| System control number | (Sirsi) u133352 |
| 041 0# - LANGUAGE CODE | |
| Language code of text/sound track or separate title | eng |
| 245 00 - TITLE STATEMENT | |
| Title | Making the case |
| 260 ## - PUBLICATION, DISTRIBUTION, ETC. | |
| Date of publication, distribution, etc. | 2006 |
| 490 #0 - SERIES STATEMENT | |
| Series statement | Premises and Facilities Management |
| Volume/sequential designation | April 2006, 20-24(4) |
| 520 ## - SUMMARY, ETC. | |
| Summary, etc. | Reports a debate which considered why so few organisations embrace the advantages of energy efficient strategies for their buildings. It was felt that the way organisations make decisions is a key factor, with the reduction of operating costs in buildings still a low priority; the installation of energy efficient equipment often comes at the bottom of the list as the returns are seen as too long term. There is also a perceived lack of in-house expertise, which may get worse as energy managers are dispensed with. It was agreed that energy suppliers and managers must make greater efforts to sell the benefits of energy efficiency. Also considers the likely effectiveness of the energy labelling of non-domestic buildings and legislative standards. |
| 590 ## - LOCAL NOTE (RLIN) | |
| Local note | IKA090506 |
| 690 ## - LOCAL SUBJECT ADDED ENTRY--TOPICAL TERM (OCLC, RLIN) | |
| Topical term or geographic name as entry element | ENVIRONMENTAL AND LAND CONSULTANCY-ENERGY-ENERGY USE-ENERGY EFFICIENCY |
| 942 ## - ADDED ENTRY ELEMENTS (KOHA) | |
| Suppress in OPAC | 0 |
| Withdrawn status | Lost status | Source of classification or shelving scheme | Damaged status | Not for loan | Home library | Current library | Shelving location | Date acquired | Total Checkouts | Full call number | Barcode | Date last seen | Copy number | Price effective from | Koha item type |
|---|---|---|---|---|---|---|---|---|---|---|---|---|---|---|---|
| Dewey Decimal Classification | London | London | Journal article | 03/05/2006 | L133352 | 133352-1001 | 06/08/2019 | 1 | 06/08/2019 | Journal article |